000 01039nam0a2200337 4500
001 RU\NLR\bibl\371635
005 20250621163749.0
010 _a5-94381-078-1
_91500
021 _aRU
_b2003-1930
_984
035 _a(NLR Aleph) 000366150
090 _a366468
_c366468
100 _a20030219d2002 |||y0rusy50 ca
101 1 _arus
102 _aRU
105 _ay |||||||||
200 1 _aСтихи королевы Гормлайт
_dAs me Gormlaith chumas rainn
_fПер. с ирл. и коммент. С. Шабалова
210 _aМ.
_aСПб.
_cЛет. сад
_d2002
215 _a62, [1] с.
_d17
300 _aТекст парал. : ирл., рус.
510 1 _aAs me Gormlaith chumas rainn
675 _a821.152.1-1
_v3
_zrus
686 _a17.82
_2rugasnti
686 _a84(4Ирл)-5
_2rubbk
686 _aШ5(4И)-4Гормлайт
801 0 _aRU
_bRKP
_c20030219
_gPSBO
801 1 _aRU
_bRKP
_c20030219
801 2 _aRU
_bNLR
_c20030314
_grcr
942 _cBOOK
980 _aNB